| 000 | 00742nas a2200253 4500 | ||
|---|---|---|---|
| 001 | BR4300111 | ||
| 003 | BR-BrBNA | ||
| 005 | 20231205081827.0 | ||
| 007 | ta | ||
| 008 | 230509b bl.|||p| |||| 00| 00por d | ||
| 040 |
_aBR-BrBNA _bpor _cBiblioteca Nacional de Agricultura |
||
| 041 | _a(Pt) | ||
| 072 | _aE15; D50 | ||
| 100 | 1 | _aGredilha, A. | |
| 245 | 1 | _aFundo de reserva [Capital; Cooperativa; Legislacao; Brasil] | |
| 650 | _aMicroeconomia | ||
| 650 | _aLegislacao | ||
| 650 | _aCooperativa | ||
| 650 | _aCapital | ||
| 650 | _aEstatuto | ||
| 773 | 0 |
_tBoletim de Cooperativismo do Estado do Rio de Janeiro (Brazil) _x _g(May 1943), v. 2(17) p. 14-16 _wBR4300111 |
|
| 909 |
_a202311 _bLúcia _c55 _dLúcia Elande |
||
| 942 |
_2AGRIS _n0 _cANA |
||
| 999 |
_c87143 _d87143 |
||